Niekoľko poznámok k súčasnému výskumu dialektov Charakteristika sociálnej situácie v Štóse a používanie jazykov a variácií spisovného jazyka a

Bibliographic Details
Main Author: Orságová, Emília (Author)
Format: Article
Language:Slovak
PhysicalDescription:Res. rus., nem., lit. 13 zázn. v slov., ruš., nem.
Subjects:

MARC

LEADER 00000nab a2200000 a 4500
001 vtls000374178
003 SK-MaSNL
005 20260302224009.0
008 160204c1988 xo 0 slo
015 |a SNBRA19rr/mm-uuuuu 
035 |a CL0374300 
040 |a SNKBUCL  |b slo  |c SNKBUCL  |e AACR2 
041 0 |a slo 
044 |a xo  |c SK 
080 |a 800.87(437.67)  |2 1981 
100 1 |a Orságová, Emília  |4 aut  |9 10023 
245 1 0 |a Niekoľko poznámok k súčasnému výskumu dialektov  |b Charakteristika sociálnej situácie v Štóse a používanie jazykov a variácií spisovného jazyka a  |c Emília Orságová 
300 |b Res. rus., nem., lit. 13 zázn. v slov., ruš., nem. 
650 0 7 |a dialekty  |2 snkbucl  |9 19030 
651 7 |a 5409  |2 snkbucl  |9 284640 
651 7 |a Štós (Slovensko)  |2 snkbucl  |9 29674 
655 7 |a články zo zborníkov  |2 snkbucl  |9 166140 
773 0 |t Nové obzory 30  |d Košice : Východoslovenské vydavateľstvo, 1988  |g S. 115-123 
850 |a Slovenská národná knižnica v Martine  |a MTA001 
852 |a SNK  |b KIS3GCP 
958 |a NB 
958 |a RK 
992 |a RZB 
999 |c 1522549  |d 1524479